00525nam a2200193Ia 4500003000400000008004100004020001500045040001600060082001300076100001900089245004000108700001600148260005200164300002600216490003100242650002300273650001500296650002000311GCL140319s9999 xx 000 0 eng d a1857150716 aGCL / cGCL04a823bG H1 aGREENE, GRAHAM10aTHE HUMAN FACTOR / cGREENE, GRAHAM1 aKEMP, PETER aانجلترا : bEVERYMAN'S LIBRARY ، c1992 a21 CM ؛ cXXI, 335 P aTHE MILLENNIUM LIBRARYv7104aENGLISH LITERATURE04aLITERATURE04aENGLISH FICTION